MARC

LEADER 00000nam2a2200000 4500
001 677508
005 20250114131121.0
035 |a (RuTPU)RU\TPU\book\136476 
090 |a 677508 
100 |a 20241217d1965 k y0rusy50 ca 
101 0 |a rus 
102 |a RU 
105 |a a z 001zy 
181 0 |a i   |b  e  
182 0 |a n 
183 0 |a nc  |2 RDAcarrier 
200 0 |a Вып. 27 : Специальные вопросы строительства шахт и карьеров  |e [сборник статей]  |f отв. ред. Г. И. Маньковский 
203 |a Текст  |b визуальный  |c непосредственный 
210 |d 1965 
215 |a 132 с.  |c ил. 
283 |a volume  |2 RDAcarrier 
320 |a Библиогр. в конце ст. 
461 1 |0 677189  |9 677189  |t Научные сообщения  |o [сборник статей]  |f Академия наук СССР (АН СССР), Институт горного дела им. А. А. Скочинского (ИГД)  |g отв. ред. Г. Д. Лидин  |c Москва  |n Недра  |n Госгортехиздат  |d 1959-1988  |v Вып. 27 : Специальные вопросы строительства шахт и карьеров 
606 1 |a Горное дело  |9 35173 
606 1 |a Карьеры  |x Строительство  |9 59513 
606 1 |a Шахтное строительство в условиях вечной мерзлоты  |9 44374 
610 1 |a щитовая проходка 
610 1 |a шахтное строительство 
610 1 |a трещиноватость 
610 1 |a сланцевые месторождения 
610 1 |a разработка 
610 1 |a моделирование 
610 1 |a расчеты 
610 1 |a дренажные каверны 
610 1 |a многослойная крепь 
610 1 |a соляные месторождения 
610 1 |a бурение 
610 1 |a ледопородное ограждение 
610 1 |a химическое укрепление 
610 1 |a песчаные породы 
675 |a 622  |v 3 
675 |a 622.271  |v 3 
675 |a 622.012.2:69  |v 3 
702 1 |a Маньковский  |b Г. И.  |4 340 
801 1 |a RU  |b 63413507  |c 20241217  |g PSBO 
801 2 |a RU  |b 63413507  |c 20241217  |g PSBO 
942 |c CR